Miscel·lània en homenatge a Josep Maria Vilaseca i Marcet : una contribució a l'anàlisi de la societat catalana contemporània una contribució a l'anàlisi de la societat catalana contemporània
Descripción Física:
229 p. ; 24'5 cm
MARC
| LEADER | 00000nam a2200000Ia 4500 | ||
|---|---|---|---|
| 001 | 12202 | ||
| 008 | 160829s1998 xx 000 0 cat d | ||
| 080 | |a M-3-14 | ||
| 245 | |a Miscel·lània en homenatge a Josep Maria Vilaseca i Marcet : |b una contribució a l'anàlisi de la societat catalana contemporània | ||
| 260 | |a Barcelona : |b Generalitat de Catalunya. Departament de Cultura, |c 1998 | ||
| 300 | |a 229 p. ; |c 24'5 cm | ||
| 650 | |a Vilaseca i Marcet, Josep M. |9 27483 | ||
| 650 | |a Catalunya |x Miscel·lànies |9 37068 | ||
| 901 | |a Arxiu | ||
| 942 | |n 1 | ||
| 952 | |0 0 |1 0 |4 0 |6 M314 |7 1 |9 47631 |a Arxiu |b Arxiu |d 2016-12-01 |l 0 |o M-3-14 |p 12202 |r 2016-12-01 00:00:00 |w 2016-12-01 |y ARXIU | ||
| 999 | |c 51430 |d 51430 | ||